000 00671nam a2200181Ia 4500
008 090630s9999 xx 000 0 und d
082 _b57
100 _aमाक्र्स कनलिफ.
245 _aजॉर्ज वॉशिंग्टन.
_cमाक्र्स कनलिफ.
260 _bमॅजेस्टीक बुक स्टॉल.
_c1960
300 _a244
600 _aमाक्र्स कनलिफ.
630 _aजॉर्ज वॉशिंग्टन.
655 _aचरित्र.
700 _aमाक्र्स कनलिफ.
730 _aजॉर्ज वॉशिंग्टन.
942 _cBOOK
999 _c251913
_d251913